Top Nobel Prize Countries Quiz Stats

 Plays Quiz Updated Oct 14, 2019

Score 0/34 Timer 04:00
1 Play Today
Position Country % Correct
1United States
99.6%
2United Kingdom
97%
3Germany
96.9%
4France
96.8%
T24China
95.9%
T7Russia
95.3%
T7Canada
93.6%
5Sweden
93.3%
T6Japan
93.3%
11Italy
92.6%
23Spain
92.3%
T31Mexico
90.6%
T14Norway
90.3%
T17Australia
87.6%
T19India
87%
T27Finland
84.6%
T6Switzerland
81.7%
Position Country % Correct
13Poland
81.7%
10Austria
79.8%
22South Africa
79.7%
T14Denmark
79.4%
11Netherlands
76.3%
T27Argentina
75.8%
T29Egypt
73.6%
T19Belgium
73.1%
T31New Zealand
71.4%
T19Ireland
69.9%
T17Israel
62.5%
T24Czechia
61.1%
T14Hungary
61%
T24Ukraine
57.1%
T29Romania
48%
T31Croatia
36.7%
T31Lithuania
27.8%

You're not logged in!

Compare scores with friends on all Sporcle quizzes.
OR
Log In

Sporcle TV

Today on Sporcle TV


Watch our educational content, quiz creation guides, and fun videos on Sporcle TV.

Show Comments

Extras

Top Quizzes Today


Score Distribution

Your Account Isn't Verified!

In order to create a playlist on Sporcle, you need to verify the email address you used during registration. Go to your Sporcle Settings to finish the process.

Report this User

Report this user for behavior that violates our Community Guidelines.

Details: